000 00615cab a2200193 4500
001 ABS41080
008 090401t1989 xxu||||| |||| 00| 0 eng d
035 _a(Sirsi) u28087
041 _aeng
245 _aDampness in buildings
260 _c1989
350 _a0
490 _aEstates Gazette
_v(8929) 22 July 1989, 83-84(2)
520 _aThe Mainly for Students article examines the differences between condensation and rising and penetrating damp . A summary is presented in tabular form.
650 _aRISING DAMP
690 _aBUILT ENVIRONMENT-CONSTRUCTION DESIGN
942 _n0
948 _c04/03/1997
999 _c18942
_d18942